000 01040nam0a22002531 4500
001 rc\4967165
005 20250612215030.0
035 _a(NLR Aleph) 008865046
090 _a8485650
_c8485650
100 _a20130426d1960 |||y0rusy50 ca
101 0 _arus
102 _aRU
105 _ay z |||||
200 1 _aК вопросу о моделировании явлений. сопровождающих колебания стержней в жидкости
_fИ.С. Риман
210 _aМосква
_cБ. и.
_d1960
215 _a11 с.
_d26
225 1 _aБюро научной информации ЦАГИ. Технические отчеты Центрального аэрогидродинамического института имени профессора Н.Е. Жуковского
_vВып. 177
320 _aБиблиогр.: с. 10
700 1 _aРиман
_bИ.С.
_gИона Самуилович
801 0 _aRU
_bNLR
_gpsbo
801 1 _aRU
_bELAR
_2rusmarc
852 _aNLR
_jП11/692
942 _cBOOK
980 _aNB